000 00436nam a22001697a 4500
008 151007b xxu||||| |||| 00| 0 eng d
020 _a9780470087435
041 0 _aeng
080 _a657
245 1 0 _aFinancial accounting:
250 _a6th ed.
260 _aUSA:
_bJohn Wiley & Sons, Inc.
_c2008.
300 _a(Various pagings)
_bme il.;
_c25 cm.
650 0 _aKontabilitet
650 0 _aFinanciar
942 _2udc
_cBK
999 _c1236
_d1236